Central Library OPAC University of Rajshahi

দুটি পাতা একটি কুঁড়ি / (Record no. 52756)

MARC details
000 -LEADER
fixed length control field 00779nam a2200229 a 4500
001 - CONTROL NUMBER
control field 52756
003 - CONTROL NUMBER IDENTIFIER
rucl marc code BD-RjUL
005 - DATE AND TIME OF LATEST TRANSACTION
control field 20211209075845.0
008 - FIXED-LENGTH DATA ELEMENTS--GENERAL INFORMATION
fixed length control field 160926s2001 bg ||||| |||| 00| 0 ben d
020 ## - INTERNATIONAL STANDARD BOOK NUMBER
International Standard Book Number 9848258914
Terms of availability : Tk. 70.00
035 ## - SYSTEM CONTROL NUMBER
System control number (BD-RjUL)52876
040 ## - CATALOGING SOURCE
Original cataloging agency BD-RjUL
Language of cataloging ben
Transcribing agency BD-RjUL
041 ## - LANGUAGE CODE
Language code of text/sound track or separate title ben
082 ## - DEWEY DECIMAL CLASSIFICATION NUMBER
Edition number 23
Classification number 634.9
Author mark and year KAD 2001
100 ## - MAIN ENTRY--PERSONAL NAME
Personal name কাদেরী, আমিনুর রশীদ
9 (RLIN) 157766
245 10 - TITLE STATEMENT
Title দুটি পাতা একটি কুঁড়ি /
Statement of responsibility, etc. আমিনুর রশীদ কাদেরী
260 ## - PUBLICATION, DISTRIBUTION, ETC. (IMPRINT)
Place of publication, distribution, etc. চট্টগ্রাম :
Name of publisher, distributor, etc. শৈলী প্রকাশন,
Date of publication, distribution, etc. ২০০১
300 ## - PHYSICAL DESCRIPTION
Pagination ৮০ পৃ. ;
Size ২৩ সেমি.
650 ## - SUBJECT ADDED ENTRY--TOPICAL TERM
Topical term or geographic name as entry element চা
9 (RLIN) 157767
Topical term or geographic name as entry element Tea
9 (RLIN) 134830
942 ## - ADDED ENTRY ELEMENTS (KOHA)
Source of classification or shelving scheme Dewey Decimal Classification
Koha item type Books
Holdings
Lost status Source of classification or shelving scheme Damaged status Not for loan Collection code Permanent Location Current Location Shelving location Date acquired Cost, normal purchase price Total Checkouts Full call number Date last seen Copy number Koha item type
  Dewey Decimal Classification     Non-fiction Central Library, University of Rajshahi Central Library, University of Rajshahi   24/06/2001 70.00   B 634.9 KAD 2001 26/09/2016 C-2 Books